Documentos relativos a la Real Universidad de San Felipe

Bewaard in:
Bibliografische gegevens
Coauteur: Consejo de Instrucción Pública (Auteur)
Formaat: Boek
Taal:Spaans
Gepubliceerd in: Santiago Imprenta Cervantes 1897
Editie:1a. ed
Onderwerpen:
Tags: Voeg label toe
Geen labels, Wees de eerste die dit record labelt!

MARC

LEADER 00000nam a2200000 a 4500
001 UCJ6091
003 CL-VaPUC
008 070124e18970000CL |||||||||||||||||spa|d
082 0 4 |a 983  |b CON  |2 21 
110 2 |a Consejo de Instrucción Pública  |e author  |9 512312 
245 1 0 |a Documentos relativos a la Real Universidad de San Felipe 
246 1 0 |a Libro Indice de los libros de matrícula, de acuerdos, de exámenes i de colación de grados 
250 |a 1a. ed 
300 |a 568 p 
942 |c BK 
945 |d 20070124 00:00:00  |a rinostro 
260 |a Santiago  |b Imprenta Cervantes  |c 1897 
500 |a Ejemplar mutilado; faltan anteportada y portada 
600 0 |a Universidad de San Felipe  |9 339498 
650 0 |a Educación superior   |9 223851 
650 0 |a Historia de la educación   |9 257642 
650 0 |a Correspondencia  |9 258963 
650 7 |a TITULOS  |2 CL-VaPUC  |9 512313 
650 7 |a GRADOS  |2 CL-VaPUC  |9 512314 
583 |a last modification  |c 20070124 00:00:00  |k Rodrigo Vera 
999 |c 322199  |d 322197 
952 |0 0  |1 0  |4 0  |6 983_000000000000000_CON_1897  |7 0  |8 X  |9 401132  |a FDOBUD  |b FDOBUD  |d 2019-11-22  |i 1043609  |o 983 CON 1897  |p 1043609  |r 2019-11-22  |w 2019-11-22  |y BK_X  |k BUD